| 000 | 00692nam a2200193 a 4500 | ||
|---|---|---|---|
| 001 | 000042713 | ||
| 005 | 20201002040336.0 | ||
| 008 | 140205s1994 sp ac 000 0 spa d | ||
| 020 | _a8433916831 | ||
| 040 |
_aDO-SdBNP _bspa _cBNPHU |
||
| 082 |
_axxx _bB819c |
||
| 100 | 1 |
_aBrando, Marlon _970026 |
|
| 240 | 1 | 0 |
_aSongs my mother taught me. _leng |
| 245 | 1 | 4 |
_aLas canciones que mi madre me enseñó / _cMarlon Brando ; con la colaboración de Robert Lindsey ; traduccion de Elsa Mateo. |
| 260 |
_aBarcelona : _bAnagrama, _c1994. |
||
| 300 |
_a465 p. : _bil., retrs. ; _c22 cm. |
||
| 500 | _aIncluye datos biográficos del autor en la solapa de la cubierta | ||
| 700 | 1 | 2 |
_aMateo, Elsa _etr. _932222 |
| 999 |
_c42202 _d42202 |
||